Statistics for Taylor Swift - no body, no crime Lyrics

Click here to take the quiz!

General Stats

  • This quiz has been taken 99 times
    (92 since last reset)
  • The average score is 344 of 376

Answer Stats

Answer% Correct
a
98%
did
98%
He
98%
(He
98%
he
98%
I
98%
"I
98%
in
98%
it)
98%
it
98%
it"
98%
No
98%
no
98%
she
98%
She
98%
(She
98%
but
97%
But
97%
of
97%
prove
97%
think
97%
And
95%
and
95%
can't
95%
every
95%
friend
95%
her
95%
Her
95%
just
95%
me
95%
my
95%
the
95%
when
95%
die
93%
Este
93%
Este's
93%
his
93%
His
93%
mine
93%
up
93%
We
93%
day
92%
glass
92%
like
92%
out
92%
body
90%
crime
90%
for
90%
him
90%
meet
90%
they
90%
They
90%
wine
90%
ain't
89%
been
89%
night
89%
sleep
89%
smells
89%
there
89%
Tuesday
89%
until
89%
was
89%
dinner
87%
gonna
87%
Good
87%
I'm
87%
losin'
87%
doubt
85%
everything
85%
house
85%
infidelity
85%
on
85%
says
85%
thing
85%
bed
84%
call
84%
daddy
84%
how
84%
husband's
84%
lettin'
84%
Sleeps
84%
with
84%
account"
82%
cover
82%
I've
82%
mistress
82%
scene
82%
to
82%
At
80%
at
80%
catch
80%
died
80%
fifteen
80%
know
80%
our
80%
reports
80%
some
80%
"That
80%
That
80%
wasn't
80%
actin'
79%
anywhere
79%
got
79%
joint
79%
missing
79%
mouth
79%
new
79%
thinks
79%
tires
79%
wife
79%
brand
77%
cleaned
77%
get
77%
houses
77%
license
77%
life
77%
made
77%
policy
77%
sister's
77%
swear
77%
truck
77%
big
75%
enough
75%
Garden
75%
job
75%
moved
75%
Olive
75%
or
75%
dude)
74%
different
72%
gotta
72%
insurance
72%
jewelry
72%
Merlot
72%
Somebody's
72%
took
72%
boating
70%
has
70%
passed
70%
noticed
69%
'cause
67%

Score Distribution

Percentile by Number Answered

Percent of People with Each Score

Your Score History

You have not taken this quiz since the last reset